<?xml version="1.0" encoding="UTF-8"?>
<record
    xmlns:xsi="http://www.w3.org/2001/XMLSchema-instance"
    xsi:schemaLocation="http://www.loc.gov/MARC21/slim http://www.loc.gov/standards/marcxml/schema/MARC21slim.xsd"
    xmlns="http://www.loc.gov/MARC21/slim">

  <leader>06345njm a2200709Ia 4500</leader>
  <controlfield tag="001">D2783</controlfield>
  <controlfield tag="003">IT-RoPAU</controlfield>
  <controlfield tag="005">20220918181115.0</controlfield>
  <controlfield tag="008">131025s9999    xx            000 0 und d</controlfield>
  <datafield tag="040" ind1=" " ind2=" ">
    <subfield code="a">IT-RoPAU</subfield>
  </datafield>
  <datafield tag="040" ind1=" " ind2=" ">
    <subfield code="c">IT-RoPAU</subfield>
  </datafield>
  <datafield tag="999" ind1=" " ind2=" ">
    <subfield code="c">99336</subfield>
    <subfield code="d">99336</subfield>
  </datafield>
  <datafield tag="999" ind1=" " ind2=" ">
    <subfield code="b">n.d.</subfield>
  </datafield>
  <datafield tag="100" ind1=" " ind2=" ">
    <subfield code="a">AA.VV.</subfield>
    <subfield code="9">794</subfield>
  </datafield>
  <datafield tag="100" ind1=" " ind2=" ">
    <subfield code="e">Autore musica</subfield>
    <subfield code="9">30785</subfield>
  </datafield>
  <datafield tag="100" ind1=" " ind2=" ">
    <subfield code="g">Codice autore musica SPICS: 12000</subfield>
    <subfield code="9">796</subfield>
  </datafield>
  <datafield tag="245" ind1=" " ind2=" ">
    <subfield code="a">Milt Jackson</subfield>
  </datafield>
  <datafield tag="250" ind1=" " ind2=" ">
    <subfield code="a">2a ed.</subfield>
  </datafield>
  <datafield tag="260" ind1=" " ind2=" ">
    <subfield code="a">MILANO</subfield>
  </datafield>
  <datafield tag="260" ind1=" " ind2=" ">
    <subfield code="b">RUSCONI</subfield>
    <subfield code="c">1995 [1a Ed.:]</subfield>
  </datafield>
  <datafield tag="300" ind1=" " ind2=" ">
    <subfield code="a">COMPACT DISC</subfield>
  </datafield>
  <datafield tag="300" ind1=" " ind2=" ">
    <subfield code="c">70 minuti (Testo:  pag.)</subfield>
  </datafield>
  <datafield tag="500" ind1=" " ind2=" ">
    <subfield code="a">Musica jazz. Cd fuori commercio allegato al n. 7 1995 della rivista "Musica jazz".</subfield>
  </datafield>
  <datafield tag="505" ind1=" " ind2=" ">
    <subfield code="a">Slits [(Detroit, aprile 1948) (3:00)] - Wonder Why [(New York, 20 maggio 1955) (6:00)] - Stairway To the Stars [(New York, 18 o 19 dicembre 1961) (4:00)] - S.K.J. [(New York, 18 o 19 dicembre 1961) (6:00)] - Echoes [(New York, 5 luglio 1962) (5:00)] - Extraordinary Blues [(New York, marzo 1963) (5:00)] - Abeautiful Friendship [(Montreux, 13 luglio 1977) (9:00)] - Lil' Darlin' [(Hollywood, 18 gennaio 1978) (4:00)] - 9:20 Special [(Hollywood, 18 gennaio 1978) (4:00)] - Lena and Lenny [(Hollywood, 18 gennaio 1978) (4:00)] - Someone I Love [(Hollywood, gennaio o settembre 1978) (4:00)] - Blues In My Heart [(California, 14 aprile 1980) (6:00)] - A Time For Love [(New York, 30 novembre 1981) (6:00)] - Things Ain't What They Used To Be [(Londra, 23 o 24 aprile 1982) (6:00)] - Ain't That Nothin' [(New York, luglio 1984) (6:00)]</subfield>
  </datafield>
  <datafield tag="511" ind1=" " ind2=" ">
    <subfield code="a">Jackson Milt: vib; Lewis John: p; Jackson Kenny: batt; Pozo Chano: conga</subfield>
  </datafield>
  <datafield tag="511" ind1=" " ind2=" ">
    <subfield code="a">Jackson Milt: vib; Silver Horace: p; Heath Percy: cb; Kay Connie: batt</subfield>
  </datafield>
  <datafield tag="511" ind1=" " ind2=" ">
    <subfield code="a">Jackson Milt: vib; Montgomery Wes: chit; Kelly Wynton: p; Jones Sam: cb; Joe Jones Philly: batt</subfield>
  </datafield>
  <datafield tag="511" ind1=" " ind2=" ">
    <subfield code="a">Jackson Milt: vib; Montgomry Wes: chit; Kelly Wynton: p; Jones Sam: cb; Joe Jones Philly: batt</subfield>
  </datafield>
  <datafield tag="511" ind1=" " ind2=" ">
    <subfield code="a">Terry Clark: tr; Royal Ernie: tr; Young Snooky: tr; McIntosh Tom: trne; Liston Melba: trne; Moody James: alto, fl; Warren Earl: alto, fl; Richardson Jerome: ten, fl; Heath Jimmy: ten; Houston Tate: bar; Ruff Willie: corno; Jackson Milt: vib; Jones Hank: p; Carter Connie: batt; Wilkins Ernie: dir, arr; Milt Jackson Orchestra</subfield>
  </datafield>
  <datafield tag="511" ind1=" " ind2=" ">
    <subfield code="a">Terry Clark: tr; Burns Dave: tr; Young Snooky: tr; Jones Thad: tr; Jackson Quentin: trne; Cleveland James: trne; Rains John: trne; Holley Major: tuba; Watkins Julius: corno; Northern Robert: corno; Alonge Ray: corno; Jackson Milt: vib; Jones Hank: p; Davis Richard: cb; Persip Charlie: batt; Liston Melba: dir, arr; Milt Jackson and Big Brass</subfield>
  </datafield>
  <datafield tag="511" ind1=" " ind2=" ">
    <subfield code="a">Terry Clark: tr; Davis Eddie "Lockjaw": ten; Jackson Milt: vib; Alexander Monty: p; Brown Ray: cb; Smith Jimmie: batt</subfield>
  </datafield>
  <datafield tag="511" ind1=" " ind2=" ">
    <subfield code="a">Reed Waymon: tr; Biviano Lyn: tr; Cohn Sonny: tr; Minger Pete: tr; Hughes Bill: trne; Wanzo Mel: trne; Wesley Fred: trne; Wilson Dennis: trne; Turner Danny: sax; Plater Bobby: sax; Dixon Eric: sax; Fowlkes Charlie: sax; Hing Kenny: sax; Jackson Milt: vib; Basie Count: p; Green Freddie: chit; Clayton John: cb; Miles Butch: batt; Milt Jackson Count Basie e The Big Band</subfield>
  </datafield>
  <datafield tag="511" ind1=" " ind2=" ">
    <subfield code="a">Jackson Milt: vib; Basie Count: p; Green Freddie: chit; Clayton John: cb; Miles Butch: batt</subfield>
  </datafield>
  <datafield tag="511" ind1=" " ind2=" ">
    <subfield code="a">Reed Waymon: tr; Biviano Lyn: tr; Cohn Sonny: tr; Minger Pete: tr; Hughes Bill: trne; Wanzo Mel: trne; Wesley Fred: trne; Wilson Dennis: trne; Turner Danny: sax; Plater Bobby: sax; Dixon Eric: sax; Fowlkes Charlie: sax; Hing Kenny: sax; Jackson Milt: vib; Basie Count: p; Green Freddie: chit; Clayton John: cb; Miles Butch: batt; Vaughan Sarah: voc</subfield>
  </datafield>
  <datafield tag="511" ind1=" " ind2=" ">
    <subfield code="a">Jackson Milt: vib, voc; Walton Cedar: p; Lang Michael: sint; Underwood Ian: sint; Collins John: chit; Brown Ray: cb; Severino Frank: batt</subfield>
  </datafield>
  <datafield tag="511" ind1=" " ind2=" ">
    <subfield code="a">Edison Harry "Sweets": tr; Vinson Eddie "Cleanhead": alto; Davis Eddie: ten; Jackson Milt: vib; Hillery Art: p; Brown Ray: cb; Marable Larance: batt</subfield>
  </datafield>
  <datafield tag="511" ind1=" " ind2=" ">
    <subfield code="a">Jackson Milt: vib; Peterson Oscar: p</subfield>
  </datafield>
  <datafield tag="511" ind1=" " ind2=" ">
    <subfield code="a">Jackson Milt: vib; Alexander Monty: p; Brown Ray: cb; Roker Mickey: batt</subfield>
  </datafield>
  <datafield tag="511" ind1=" " ind2=" ">
    <subfield code="a">Jackson Milt: vib; Walton Cedar: p el; Brown Ray: cb; Roker Mickey: batt</subfield>
  </datafield>
  <datafield tag="650" ind1=" " ind2=" ">
    <subfield code="a">JAZZ [COMPACT DISC]</subfield>
    <subfield code="e">Codice MATERIA SPICS: 9949</subfield>
    <subfield code="9">11822</subfield>
  </datafield>
  <datafield tag="700" ind1=" " ind2=" ">
    <subfield code="a">Jackson Milt</subfield>
    <subfield code="d">Codice interprete SPICS: 44125</subfield>
    <subfield code="e">Interprete</subfield>
    <subfield code="9">30786</subfield>
  </datafield>
  <datafield tag="700" ind1=" " ind2=" ">
    <subfield code="a">Jackson Milt</subfield>
    <subfield code="d">Codice autore musica SPICS: 44125</subfield>
    <subfield code="e">Autore musica</subfield>
    <subfield code="p">Slits - Stairway To the Stars - S.K.J. - Echoes</subfield>
    <subfield code="9">30787</subfield>
  </datafield>
  <datafield tag="700" ind1=" " ind2=" ">
    <subfield code="a">Cahn</subfield>
    <subfield code="d">Codice autore musica SPICS: 20244</subfield>
    <subfield code="e">Autore musica</subfield>
    <subfield code="p">Wonder Why - Abeautiful Friendship</subfield>
    <subfield code="9">30788</subfield>
  </datafield>
  <datafield tag="700" ind1=" " ind2=" ">
    <subfield code="a">Brodsky</subfield>
    <subfield code="d">Codice autore SPICS: 15831</subfield>
    <subfield code="e">Autore</subfield>
    <subfield code="p">Wonder Why</subfield>
    <subfield code="9">30789</subfield>
  </datafield>
  <datafield tag="700" ind1=" " ind2=" ">
    <subfield code="a">Malneck</subfield>
    <subfield code="d">Codice autore musica SPICS: 15748</subfield>
    <subfield code="e">Autore musica</subfield>
    <subfield code="p">Stairway To the Stars</subfield>
    <subfield code="9">30790</subfield>
  </datafield>
  <datafield tag="700" ind1=" " ind2=" ">
    <subfield code="a">Signorelli</subfield>
    <subfield code="d">Codice autore SPICS: 15747</subfield>
    <subfield code="e">Autore</subfield>
    <subfield code="p">Stairway To the Stars</subfield>
    <subfield code="9">30791</subfield>
  </datafield>
  <datafield tag="700" ind1=" " ind2=" ">
    <subfield code="a">Parish</subfield>
    <subfield code="d">Codice autore testo/musica SPICS: 44126</subfield>
    <subfield code="e">Autore testo/musica</subfield>
    <subfield code="p">Stairway To the Stars</subfield>
    <subfield code="9">30792</subfield>
  </datafield>
  <datafield tag="700" ind1=" " ind2=" ">
    <subfield code="a">Styne</subfield>
    <subfield code="d">Codice autore musica SPICS: 22822</subfield>
    <subfield code="e">Autore musica</subfield>
    <subfield code="p">Abeautiful Friendship</subfield>
    <subfield code="9">30793</subfield>
  </datafield>
  <datafield tag="700" ind1=" " ind2=" ">
    <subfield code="a">Hefti Neal</subfield>
    <subfield code="d">Codice autore musica SPICS: 20452</subfield>
    <subfield code="e">Autore musica</subfield>
    <subfield code="p">Lil' Darlin'</subfield>
    <subfield code="9">30794</subfield>
  </datafield>
  <datafield tag="700" ind1=" " ind2=" ">
    <subfield code="a">Warren E.</subfield>
    <subfield code="d">Codice autore musica SPICS: 44132</subfield>
    <subfield code="e">Autore musica</subfield>
    <subfield code="p">9:20 Special</subfield>
    <subfield code="9">30795</subfield>
  </datafield>
  <datafield tag="700" ind1=" " ind2=" ">
    <subfield code="a">Engvick B.</subfield>
    <subfield code="d">Codice autore SPICS: 44133</subfield>
    <subfield code="e">Autore</subfield>
    <subfield code="p">9:20 Special</subfield>
    <subfield code="9">30796</subfield>
  </datafield>
  <datafield tag="700" ind1=" " ind2=" ">
    <subfield code="a">Palmer</subfield>
    <subfield code="d">Codice autore testo/musica SPICS: 20149</subfield>
    <subfield code="e">Autore testo/musica</subfield>
    <subfield code="p">9:20 Special</subfield>
    <subfield code="9">30797</subfield>
  </datafield>
  <datafield tag="700" ind1=" " ind2=" ">
    <subfield code="a">Jones Quincy</subfield>
    <subfield code="d">Codice autore musica SPICS: 10960</subfield>
    <subfield code="e">Autore musica</subfield>
    <subfield code="p">Lena and Lenny</subfield>
    <subfield code="9">30798</subfield>
  </datafield>
  <datafield tag="700" ind1=" " ind2=" ">
    <subfield code="a">Gillespie H.</subfield>
    <subfield code="d">Codice autore musica SPICS: 30477</subfield>
    <subfield code="e">Autore musica</subfield>
    <subfield code="p">Someone I Love</subfield>
    <subfield code="9">30799</subfield>
  </datafield>
  <datafield tag="700" ind1=" " ind2=" ">
    <subfield code="a">Herbert</subfield>
    <subfield code="d">Codice autore SPICS: 44135</subfield>
    <subfield code="e">Autore</subfield>
    <subfield code="p">Someone I Love</subfield>
    <subfield code="9">30800</subfield>
  </datafield>
  <datafield tag="700" ind1=" " ind2=" ">
    <subfield code="a">Carter</subfield>
    <subfield code="d">Codice autore musica SPICS: 44136</subfield>
    <subfield code="e">Autore musica</subfield>
    <subfield code="p">Blues In My Heart</subfield>
    <subfield code="9">30801</subfield>
  </datafield>
  <datafield tag="700" ind1=" " ind2=" ">
    <subfield code="a">Mills</subfield>
    <subfield code="d">Codice autore SPICS: 44137</subfield>
    <subfield code="e">Autore</subfield>
    <subfield code="p">Blues In My Heart</subfield>
    <subfield code="9">30802</subfield>
  </datafield>
  <datafield tag="700" ind1=" " ind2=" ">
    <subfield code="a">Mandel</subfield>
    <subfield code="d">Codice autore musica SPICS: 27878</subfield>
    <subfield code="e">Autore musica</subfield>
    <subfield code="p">A Time For Love</subfield>
    <subfield code="9">30803</subfield>
  </datafield>
  <datafield tag="700" ind1=" " ind2=" ">
    <subfield code="a">Webster Benjamin Francis (Ben)</subfield>
    <subfield code="d">Codice autore SPICS: 14419</subfield>
    <subfield code="e">Autore</subfield>
    <subfield code="p">A Time For Love</subfield>
    <subfield code="9">30804</subfield>
  </datafield>
  <datafield tag="700" ind1=" " ind2=" ">
    <subfield code="a">Ellington Mercer</subfield>
    <subfield code="d">Codice autore musica SPICS: 35178</subfield>
    <subfield code="e">Autore musica</subfield>
    <subfield code="p">Things Ain't What They Used To Be</subfield>
    <subfield code="9">30805</subfield>
  </datafield>
  <datafield tag="700" ind1=" " ind2=" ">
    <subfield code="a">Brown Ray</subfield>
    <subfield code="d">Codice autore musica SPICS: 5098</subfield>
    <subfield code="e">Autore musica</subfield>
    <subfield code="p">Ain't That Nothin'</subfield>
    <subfield code="9">30806</subfield>
  </datafield>
  <datafield tag="942" ind1=" " ind2=" ">
    <subfield code="c">CD</subfield>
    <subfield code="2">ddc</subfield>
  </datafield>
  <datafield tag="952" ind1=" " ind2=" ">
    <subfield code="0">0</subfield>
    <subfield code="1">0</subfield>
    <subfield code="4">0</subfield>
    <subfield code="6">D_2783_000000000000000</subfield>
    <subfield code="7">1</subfield>
    <subfield code="a">SPICS</subfield>
    <subfield code="b">SPICS</subfield>
    <subfield code="d">2013-10-25</subfield>
    <subfield code="l">0</subfield>
    <subfield code="o">D2783</subfield>
    <subfield code="r">2013-10-25 00:00:00</subfield>
    <subfield code="w">2013-10-25</subfield>
    <subfield code="y">CD</subfield>
    <subfield code="z">Progr. Ins.: 1886 / N.Vol.: 1 / Copie: 1 - Copia rara: n.d. / date import: 01.01.2014 - By Epidotti, Trombetti, Vaglietti</subfield>
  </datafield>
</record>
